000 00803nas a2200253 4500
001 BR9509720
003 BR-BrBNA
005 20231205095547.0
007 ta
008 230509b bl.|||p| |||| 00| 00por d
040 _aBR-BrBNA
_bpor
_cBiblioteca Nacional de Agricultura
041 _a(Pt)
072 _aL53
100 1 _aAvery, B.
100 1 _aGreve, T.
111 1 _a8. Reuniao Anual da Sociedade Brasileira de Transferencia de Embrioes
_cJaboticabal, SP (Brasil)
_d1993
245 1 _aAlguns aspectos da producao in vitro de bovinos
650 _aBovino
650 _aCultura de Embriao
650 _aTaxa de Crescimento
773 0 _tARS Veterinaria (Brazil)
_xISSN 0102-6380
_g(Aug 1993), v. 9(2) p. 53-72
_wBR9509720
909 _a202311
_bLúcia
_c55
_dLúcia Elande
942 _2AGRIS
_n0
_cANA
999 _c151364
_d151364